Trehalose induces antagonism towards Pythium debaryanum in Pseudomonas fluorescens ATCC 17400 /
Wedi'i Gadw mewn:
| Awduron Eraill: | , , , , , , |
|---|---|
| Fformat: | Erthygl |
| Iaith: | English |
| Pynciau: | |
| Tagiau: |
Ychwanegu Tag
Dim Tagiau, Byddwch y cyntaf i dagio'r cofnod hwn!
|
| Thư viện lưu trữ: | Thư viện Trường Đại học Đà Lạt |
|---|
| LEADER | 01137nam a2200397 4500 | ||
|---|---|---|---|
| 001 | DLU090096337 | ||
| 005 | ##20091201 | ||
| 040 | # | # | |a DLU |b eng |
| 041 | # | # | |a eng |
| 044 | # | # | |a us |
| 245 | # | # | |a Trehalose induces antagonism towards Pythium debaryanum in Pseudomonas fluorescens ATCC 17400 / |c A. Gaballa ... [et al.]. |
| 653 | # | # | |a Antagonism |
| 653 | # | # | |a Antagonist |
| 653 | # | # | |a Gene expression |
| 653 | # | # | |a Induction |
| 653 | # | # | |a Mutation |
| 653 | # | # | |a Plant pathogen |
| 653 | # | # | |a Pseudomonas fluorescens |
| 653 | # | # | |a Trehalose |
| 700 | # | # | |a Abeysinghe, P. D. |
| 700 | # | # | |a Cornelis, P. |
| 700 | # | # | |a Gaballa, A. |
| 700 | # | # | |a Greve, H. De. |
| 700 | # | # | |a Koedam, N. |
| 700 | # | # | |a Matthijs, S. |
| 700 | # | # | |a Urich, G. |
| 773 | # | # | |t Applied and Environmental Microbiology |g Vol. 63, no. 11 (November 1997), p. 4340-4345 |
| 920 | # | # | |a Phòng Tạp chí -- Trung tâm Thông tin - Thư viện Trường Đại học Đà Lạt |
| 994 | # | # | |a DLU |
| 900 | # | # | |a True |
| 911 | # | # | |a Trương Bảo Trâm Anh |
| 925 | # | # | |a G |
| 926 | # | # | |a A |
| 927 | # | # | |a BB |
| 980 | # | # | |a Thư viện Trường Đại học Đà Lạt |